| 000 | 00383nam a22001457a 4500 | ||
|---|---|---|---|
| 999 |
_c7765 _d7765 |
||
| 003 | GBCCL | ||
| 005 | 20241126110636.0 | ||
| 008 | 180919b ||||| |||| 00| 0 eng d | ||
| 040 | _cGBC | ||
| 082 |
_aSOU SAP _b1993 |
||
| 245 | _aSaptuam tangthu : the 82nd anniversary of Bungmual Baptist Church, 1911-1993 | ||
| 260 |
_c1993 _aBungmual : _bEBC |
||
| 300 | _a150p ; | ||
| 942 |
_2ddc _cARCH |
||